LEADER 01319nam0 2200301 i 450 001 VAN0000182 005 20110901014456.73 010 $a88-14-08970-1 100 $a20020503d2001 |0itac50 ba 101 $aita 102 $aIT 105 $a|||| ||||| 200 1 $aCarta dei diritti fondamentali dell'Unione europea$ecommentata con la giurisprudenza della Corte di giustizia CE e della Corte europea dei diritti dell'uomo e con i documenti rilevanti$fLuigi Ferrari Bravo, Francesco M. di Majo, Alfredo Rizzo 210 $aMilano$cGiuffrè$d2001 215 $aXIV, 372 p.$d23 cm. 606 $aCarta dei diritti$xUnione europea$3VANC000140$2FI 620 $dMilano$3VANL000284 676 $a341.759$v21 700 1$aFerrari Bravo$bLuigi$3VANV000170$0135051 701 1$aDi Majo$bFrancesco M.$3VANV000219$0262842 701 1$aRizzo$bAlfredo$3VANV000220$0166987 712 $aGiuffrè $3VANV109181$4650 801 $aIT$bSOL$c20230616$gRICA 899 $aBIBLIOTECA DEL DIPARTIMENTO DI GIURISPRUDENZA$1IT-CE0105$2VAN00 912 $aVAN0000182 950 $aBIBLIOTECA DEL DIPARTIMENTO DI GIURISPRUDENZA$d00CONS X.A.9 $e00 20398 20020503 996 $aCarta dei diritti fondamentali dell'Unione europea$9511992 997 $aUNICAMPANIA LEADER 02255nam0 22004573i 450 001 VAN00229422 005 20240806101321.823 017 70$2N$a9783030527150 100 $a20211019d2020 |0itac50 ba 101 $aeng 102 $aCH 105 $a|||| ||||| 200 1 $aNeural-Network Simulation of Strongly Correlated Quantum Systems$eDoctoral Thesis accepted by Heidelberg University, Heidelberg, Germany$fStefanie Czischek 210 $aCham$cSpringer$d2020 215 $axv, 205 p.$cill.$d24 cm 410 1$1001VAN00104193$12001 $aSpringer theses$erecognizing outstanding Ph.D. research$1210 $aBerlin$cSpringer$d2010- 500 1$3VAN00229423$aNeural-Network Simulation of Strongly Correlated Quantum Systems$91882031 606 $a68-XX$xComputer science [MSC 2020]$3VANC019670$2MF 606 $a68T07$xArtificial neural networks and deep learning [MSC 2020]$3VANC036862$2MF 606 $a82C22$xInteracting particle systems in time-dependent statistical mechanics [MSC 2020]$3VANC025064$2MF 606 $a82C32$xNeural nets applied to problems in time-dependent statistical mechanics [MSC 2020]$3VANC035731$2MF 610 $aArtificial Neural Networks$9KW:K 610 $aNeural-Network Quantum States$9KW:K 610 $aNeuromorphic Hardware$9KW:K 610 $aQuantum machine learning$9KW:K 610 $aQuantum many-body systems$9KW:K 610 $aQuantum spin systems$9KW:K 610 $aQubits$9KW:K 610 $aSpiking Neurons$9KW:K 610 $aSpin-1/2 Particles$9KW:K 620 $aCH$dCham$3VANL001889 700 1$aCzischek$bStefanie$3VANV191732$0843414 712 $aSpringer $3VANV108073$4650 801 $aIT$bSOL$c20250131$gRICA 856 4 $uhttp://doi.org/10.1007/978-3-030-52715-0$zE-book ? Accesso al full-text attraverso riconoscimento IP di Ateneo, proxy e/o Shibboleth 899 $aBIBLIOTECA DEL DIPARTIMENTO DI MATEMATICA E FISICA$1IT-CE0120$2VAN08 912 $fN 912 $aVAN00229422 950 $aBIBLIOTECA DEL DIPARTIMENTO DI MATEMATICA E FISICA$d08DLOAD e-book 4300 $e08eMF4300 20211019 996 $aNeural-Network Simulation of Strongly Correlated Quantum Systems$91882031 997 $aUNICAMPANIA